|
|
|
|
| LEADER |
01870nam a2200337 a 4500 |
| 001 |
20040 |
| 003 |
BD-DhAAL |
| 005 |
20260206203120.0 |
| 008 |
100601s2008 bg a b 001 0 ben d |
| 020 |
|
|
|a 9847010500516 (v. 9)
|
| 040 |
|
|
|a DLC
|c DLC
|d DLC
|d BD-DhAAL
|
| 041 |
|
|
|a ben
|
| 082 |
0 |
0 |
|a 954.9205
|2 22
|
| 245 |
0 |
0 |
|a গণমাধ্যমে বাংলাদেশের মুক্তিযুদ্ধ /
|c সংকলন ও সম্পাদনা হাসিনা আহমেদ.
|
| 246 |
3 |
1 |
|a Media and the liberation war of Bangladesh
|
| 260 |
|
|
|a ঢাকা :
|b অনন্যা,
|c ২০০৮.
|
| 300 |
|
|
|a ৪০৭ পৃষ্ঠা ;
|c ২৫ সে.মি.
|
| 362 |
O |
|
|a ৯ম খন্ড
|
| 504 |
|
|
|a গ্রন্থপুঞ্জিগত নির্দেশিকা ও ইনডেক্স অন্তর্ভূক্ত
|
| 541 |
1 |
|
|e 00020040, 32179 & 32180
|
| 546 |
|
|
|a Bengali
|
| 650 |
|
0 |
|a India-Pakistan Conflict, 1971
|x Mass media and the conflict.
|9 22447
|
| 651 |
|
0 |
|a Bangladesh
|x History
|y Revolution, 1971.
|9 22448
|
| 651 |
|
0 |
|a Bangladesh
|x History
|y Revolution, 1971
|x Mass media and the revolution.
|9 22449
|
| 700 |
1 |
|
|a আহমেদ, হাসিনা.
|9 22450
|
| 852 |
4 |
|
|a Ayesha Abed Library
|j General Shelf
|
| 942 |
|
|
|2 ddc
|c BK
|
| 999 |
|
|
|c 8835
|d 8835
|
| 952 |
|
|
|0 0
|1 0
|2 ddc
|4 0
|6 954_920500000000000_GAN_2008
|7 0
|9 10758
|a BRACUL
|b BRACUL
|c BNC
|d 2010-06-09
|l 0
|o 954.9205 GAN
|p 3010020040
|r 2010-06-09
|t 1
|w 2010-06-09
|y BK
|
| 952 |
|
|
|0 0
|1 0
|2 ddc
|4 0
|6 954_920500000000000_GAN
|7 0
|9 61540
|a BRACUL
|b BRACUL
|c BNC
|d 2017-10-10
|e Development Book Agency
|g 650.00
|l 0
|o 954.9205 GAN
|p 3010032179
|r 2017-10-10
|t 2
|v 650.00
|w 2017-10-10
|y BK
|
| 952 |
|
|
|0 0
|1 0
|2 ddc
|4 0
|6 954_920500000000000_GAN
|7 0
|9 61541
|a BRACUL
|b BRACUL
|c BNC
|d 2017-10-10
|e Development Book Agency
|g 650.00
|l 0
|o 954.9205 GAN
|p 3010032180
|r 2017-10-10
|t 3
|v 650.00
|w 2017-10-10
|y BK
|